Countries with most universities in top 1000 - Statistics

General Stats
  • This quiz has been taken 149 times
  • The average score is 16 of 21
Answer Stats
# Answer % Correct
87 China
100%
71 United Kingdom
99%
17 France
98%
145 United States
98%
24 Canada
97%
26 Spain
96%
39 Japan
95%
29 Australia
94%
14 Germany
94%
23 Italy
93%
89 Russia
91%
18 India
87%
10 Brazil
86%
24 South Korea
84%
43 Turkey
72%
14 Egypt
61%
31 Taiwan
51%
11 Thailand
50%
27 Iran
48%
10 Iraq
24%
16 Romania
24%
No matching quizzes found
Score Distribution
Percent of People with Each Score
Percentile by Number Answered
Your Score History
You have not taken this quiz